Professional conduct and the responsible use of AI (Record no. 122112)

MARC details
000 -LEADER
fixed length control field 01102nam a22002057a 4500
008 - FIXED-LENGTH DATA ELEMENTS--GENERAL INFORMATION
fixed length control field 250305e20250503xxk|||||o|||| 00| 0 eng d
041 ## - LANGUAGE CODE
Language code of text/sound track or separate title eng
110 ## - MAIN ENTRY--CORPORATE NAME
Corporate author Royal Institution of Chartered Surveyors
245 ## - TITLE STATEMENT
Title Professional conduct and the responsible use of AI
Medium [Electronic resource]
260 ## - PUBLICATION INFORMATION
Place of publication London,
Publisher Royal Institution of Chartered Surveyors,
Date 4 March 2025
520 ## - ABSTRACT
Abstract The awareness and use of AI across the land and property life cycle has steadily grown in recent years, bringing both advantages and risks to professionals and their clients. Andrew Knight, AI, Data and Tech lead at RICS, outlines a new professional standard under development to guide RICS members and RICS-regulated firms in their professional conduct with AI.
650 ## - KEYWORDS
Keywords ARTIFICIAL INTELLIGENCE
650 ## - KEYWORDS
Keywords PROFESSIONAL CONDUCT
651 ## - SUBJECT ADDED ENTRY--GEOGRAPHIC NAME
Geographic name International
690 ## - BROAD SUBJECT
Broad subject Technology
9 (RLIN) 6348
700 ## - ADDED PERSONAL NAME
Added personal author Knight, Andrew
710 ## - ADDED CORPORATE NAME
Added corporate author Royal Institution of Chartered Surveyors
856 ## - ONLINE RESOURCE
Uniform Resource Identifier <a href="https://www.rics.org/news-insights/wbef/professional-conduct-responsible-use-ai">https://www.rics.org/news-insights/wbef/professional-conduct-responsible-use-ai</a>
Public note Available on RICS.org
942 ## - ADDED ENTRY ELEMENTS (KOHA)
Suppress in OPAC Do not suppress in OPAC
Holdings
Lost status Damaged status Not for loan Current library Shelving location Date acquired Total Checkouts Full call number Date last seen Price effective from Koha item type
      Virtual Online 05/03/2025   PRESS RELEASE 05/03/2025 05/03/2025 News article